Statystyki dla Najczęściej zgadywane państwa wyspiarskie na JetPunku

Kliknij tutaj aby rozwiązać quiz!

Ogólne statystyki

  • Ten quiz został rozwiązany 10 960 razy
  • Średni wynik to 8 z 10

Statystyki odpowiedzi

%Państwo% Poprawnych
92Wielka Brytania
86%
74Nowa Zelandia
81%
91Japonia
80%
86Islandia
78%
90Irlandia
77%
80Madagaskar
76%
74Kuba
75%
64Indonezja
74%
61Cypr
65%
57Filipiny
60%

Rozkład punktacji

Percentyl według liczby udzielonych odpowiedzi

Procent ludzi z każdym wynikiem

Twoja historia wyników

Nie rozwiązałeś tego quizu